Tilastot visalle Istanbulia ympäröivät valtiot

Klikkaa tästä pelataksesi tätä visaa!

Yleistilastot

  • Tätä visaa on pelattu 208 kertaa
  • Keskiarvotulos 12 / 13

Vastaustilastot

SuuntaValtio% Oikein
187°–290°Kreikka
97%
105°–136°Syyria
94%
290°–353°Bulgaria
93%
26°–70°Venäjä
92%
70°–84°Georgia
91%
102°–105°Irak
90%
90°–102°Iran
90%
138°–156°Kypros
88%
353°–6°Romania
88%
6°–26°Ukraina
88%
84°–90°Armenia
86%
156°–187°Egypti
85%
136°–138°Libanon
82%

Tulosjakauma

Persentiili vastausten määrän mukaan

Jokaisen tuloksen saaneiden osuus

Tuloshistoriasi

Et ole pelannut tätä visaa